Normal view
MARC view
- JR.BOLLER,F.PAUL
Entry Personal Name
001 - CONTROL NUMBER
- control field: 133162
003 - CONTROL NUMBER IDENTIFIER
- control field: NUST
005 - DATE AND TIME OF LATEST TRANSACTION
- control field: 20260212112223.0
008 - FIXED-LENGTH DATA ELEMENTS
- fixed length control field: 260212|| aca||aabn | a|a d
040 ## - CATALOGING SOURCE
- Original cataloging agency: NUST
- Transcribing agency: NUST
100 ## - HEADING--PERSONAL NAME
- Personal name: JR.BOLLER,F.PAUL
670 ## - SOURCE DATA FOUND
- Source citation: Work cat.: (NUST): JR.BOLLER,F.PAUL., PRESIDENTIAL WIVES /, 1988.
